Normal view
MARC view
- MUHAMMAD HAMID ULLAH
Entry Personal Name
001 - CONTROL NUMBER
- control field: 75832
003 - CONTROL NUMBER IDENTIFIER
- control field: NUST
005 - DATE AND TIME OF LATEST TRANSACTION
- control field: 20210628205515.0
008 - FIXED-LENGTH DATA ELEMENTS
- fixed length control field: 210628|| aca||aabn | a|a d
040 ## - CATALOGING SOURCE
- Original cataloging agency: NUST
- Transcribing agency: NUST
100 ## - HEADING--PERSONAL NAME
- Personal name: MUHAMMAD HAMID ULLAH
670 ## - SOURCE DATA FOUND
- Source citation: Work cat.: (NUST): MUHAMMAD HAMID ULLAH, THE BATTLEFIELDS OF THE PROPHET MUHAMMAD (PBUH), 1965
